[Event "FIDE World Rapid 2014"]
[Site "Dubai UAE"]
[Date "2014.06.17"]
[Round "7.10"]
[White "Potkin, Vladimir"]
[Black "Harikrishna, Pentala"]
[Result "1/2-1/2"]
[WhiteTitle "GM"]
[BlackTitle "GM"]
[WhiteElo "2621"]
[BlackElo "2726"]
[WhiteFideId "4131061"]
[BlackFideId "5007003"]
[EventDate "2014.06.16"]

1. d4 Nf6 2. c4 e6 3. Nf3 b6 4. g3 Ba6 5. b3 Bb4+ 6. Bd2 Bxd2+ 7. Qxd2 d5 8.
cxd5 Nxd5 9. e4 Bxf1 10. Kxf1 Nf6 11. Nc3 c5 12. dxc5 Qxd2 13. Nxd2 bxc5 14. Na4
Na6 15. Ke2 Ke7 16. Rhc1 Rhd8 17. e5 Nd7 18. f4 Rac8 19. Ne4 f6 20. exf6+ gxf6
21. g4 f5 22. gxf5 exf5 23. Ng3 Ke6 24. Rc3 Nb6 25. Re3+ Kf6 26. Rg1 Rg8 27. Re5
Rce8 28. Nh5+ Kf7 29. Rxg8 Rxe5+ 30. fxe5 Kxg8 31. Nf6+ Kf7 32. Nxb6 axb6 33.
Nxh7 Nb4 34. Ng5+ Kg6 35. e6 Kf6 36. h4 Nxa2 37. h5 b5 38. h6 Nc3+ 39. Kf3 Nd5
40. h7 Kg7 41. Ke2 Kh8 42. Kd2 Kg7 43. Ke2 Kh8 44. Kd2 Kg7 1/2-1/2

[Event "FIDE World Rapid 2014"]
[Site "Dubai UAE"]
[Date "2014.06.17"]
[Round "7.12"]
[White "Ragger, Markus"]
[Black "Nguyen, Ngoc Truong Son"]
[Result "0-1"]
[WhiteTitle "GM"]
[BlackTitle "GM"]
[WhiteElo "2632"]
[BlackElo "2621"]
[WhiteFideId "1610856"]
[BlackFideId "12401110"]
[EventDate "2014.06.16"]

1. d4 d5 2. c4 c6 3. Nf3 Nf6 4. g3 Bf5 5. Nc3 e6 6. Nh4 dxc4 7. Bg2 Nbd7 8. O-O
Bg4 9. Qc2 Be7 10. Rd1 Nd5 11. Nf3 O-O 12. a3 b5 13. e4 Nxc3 14. bxc3 Nb6 15. h3
Bxf3 16. Bxf3 Bg5 17. e5 Bxc1 18. Raxc1 Nd5 19. Be4 h6 20. h4 Qe7 21. Qb2 a5 22.
Bb1 h5 23. Re1 g6 24. Kg2 Kg7 25. Be4 Rab8 26. Ra1 b4 27. axb4 axb4 28. cxb4
Rxb4 29. Qc2 Rfb8 30. Ra2 Qb7 31. Qc1 Qb6 32. Rd1 Rb2 33. Ra3 Rb3 34. Ra4 Nc3
35. Bxg6 fxg6 36. Qg5 Rf8 37. Ra8 Rxf2+ 38. Kh1 Rb1 39. Rc1 Rxc1+ 40. Qxc1 Qb1
41. Ra7+ Rf7 0-1

[Event "FIDE World Rapid 2014"]
[Site "Dubai UAE"]
[Date "2014.06.17"]
[Round "7.13"]
[White "Volokitin, Andrei"]
[Black "Kryvoruchko, Yuriy"]
[Result "1/2-1/2"]
[WhiteTitle "GM"]
[BlackTitle "GM"]
[WhiteElo "2638"]
[BlackElo "2707"]
[WhiteFideId "14107090"]
[BlackFideId "14109182"]
[EventDate "2014.06.16"]

1. e4 e5 2. Nf3 Nc6 3. Bb5 Nf6 4. O-O Nxe4 5. d4 Nd6 6. Bxc6 dxc6 7. dxe5 Nf5 8.
Qxd8+ Kxd8 9. Rd1+ Ke8 10. Nc3 Bd7 11. a4 Rd8 12. a5 Be7 13. Bg5 Bxg5 14. Nxg5
Ke7 15. Rd2 Bc8 16. Rad1 Rxd2 17. Rxd2 h6 18. Nf3 Rd8 19. Rxd8 Kxd8 20. Kf1 b6
21. Ke2 Bb7 22. g4 Ne7 23. Nh4 g5 24. Nf5 Nxf5 25. gxf5 Bc8 26. f6 Bf5 27. f4
Bxc2 28. fxg5 hxg5 29. Kf3 Kd7 30. Kg4 Ke6 31. Kxg5 Kxe5 32. h4 b5 33. h5 b4 34.
Ne2 c5 35. Nf4 c4 36. Ng6+ Kd6 37. Nf4 c3 38. b3 c5 39. h6 Bh7 40. Ne2 c4 41.
bxc4 Kc5 42. Kf4 Kxc4 43. Ke5 b3 1/2-1/2

[Event "FIDE World Rapid 2014"]
[Site "Dubai UAE"]
[Date "2014.06.17"]
[Round "7.14"]
[White "Jobava, Baadur"]
[Black "Yudin, Sergei"]
[Result "1/2-1/2"]
[WhiteTitle "GM"]
[BlackTitle "GM"]
[WhiteElo "2713"]
[BlackElo "2546"]
[WhiteFideId "13601520"]
[BlackFideId "4159659"]
[EventDate "2014.06.16"]

1. d4 d5 2. Nc3 Nf6 3. Bf4 e6 4. e3 c5 5. Nb5 Na6 6. c3 Be7 7. a4 O-O 8. h3 Ne8
9. Nf3 Nac7 10. Nxc7 Nxc7 11. Bd3 Ne8 12. a5 Nf6 13. O-O Bd7 14. Ne5 a6 15. Qb1
Bb5 16. dxc5 Bxc5 17. Bxb5 axb5 18. Bg5 Be7 19. Qd3 Rxa5 20. Rxa5 Qxa5 21. b4
Qc7 22. Nf3 Qc4 23. Qxc4 bxc4 24. Ra1 h6 25. Bxf6 Bxf6 26. Nd4 Rb8 27. Kf1 Kf8
28. Ke2 Ke7 29. Kd2 Bxd4 30. exd4 Kd6 31. h4 f6 32. f4 h5 33. Ra7 Kc6 34. Ra5
Re8 35. Rc5+ Kd6 36. Rb5 Re7 37. g3 g6 38. Ke3 Kc7 39. Ra5 Re8 40. Rc5+ Kb6 41.
Ra5 Rb8 42. Ra1 Kc6 43. Ra5 Kd6 44. Ra1 e5 45. fxe5+ fxe5 46. dxe5+ Kxe5 47. Ra5
Rf8 48. Rb5 Rf1 49. Rxb7 Rd1 50. Ke2 Rg1 51. Re7+ Kd6 52. Re3 Rb1 53. Kf3 Rf1+
54. Ke2 1/2-1/2

[Event "FIDE World Rapid 2014"]
[Site "Dubai UAE"]
[Date "2014.06.17"]
[Round "7.15"]
[White "Svidler, Peter"]
[Black "Guseinov, Gadir"]
[Result "1/2-1/2"]
[WhiteTitle "GM"]
[BlackTitle "GM"]
[WhiteElo "2753"]
[BlackElo "2613"]
[WhiteFideId "4102142"]
[BlackFideId "13401378"]
[EventDate "2014.06.16"]

1. c4 g6 2. g3 Bg7 3. Bg2 d6 4. d4 Nd7 5. Nf3 e5 6. Nc3 Ne7 7. O-O O-O 8. e4
exd4 9. Nxd4 Nc6 10. Nde2 Nc5 11. Be3 f5 12. exf5 Bxf5 13. Nd4 Nxd4 14. Bxd4 a5
15. Nd5 Qd7 16. Re1 Rae8 17. Qd2 Ne4 18. Bxe4 Bxe4 19. Bxg7 Qxg7 20. Re3 Bxd5
21. Rxe8 Rxe8 22. cxd5 b6 23. Rc1 Re7 24. h4 Qe5 25. b3 Kg7 26. Qd3 Qb2 27. Rc2
Qa1+ 28. Kg2 Qe5 29. a4 h5 30. Rc4 Kh7 31. Rf4 Kg7 32. Qc4 Qe2 33. Qxe2 Rxe2 34.
Rc4 Rb2 35. Rxc7+ Kf6 36. Rc6 Rxb3 37. Rxd6+ Kf5 38. f3 b5 39. axb5 Rxb5 40. Kh3
Rb3 41. Rd8 a4 42. d6 a3 43. d7 Ke6 44. Rg8 Kxd7 45. Rxg6 Rxf3 46. Rg5 a2 47.
Ra5 Rf2 48. g4 Rf3+ 49. Kg2 hxg4 1/2-1/2

[Event "FIDE World Rapid 2014"]
[Site "Dubai UAE"]
[Date "2014.06.17"]
[Round "7.16"]
[White "Safarli, Eltaj"]
[Black "Malakhov, Vladimir"]
[Result "1/2-1/2"]
[WhiteTitle "GM"]
[BlackTitle "GM"]
[WhiteElo "2649"]
[BlackElo "2694"]
[WhiteFideId "13402129"]
[BlackFideId "4120787"]
[EventDate "2014.06.16"]

1. e4 e5 2. Nc3 Nf6 3. g3 d5 4. exd5 Nxd5 5. Bg2 Nxc3 6. bxc3 Bd6 7. Nf3 Nc6 8.
O-O O-O 9. Re1 Bg4 10. h3 Bh5 11. g4 Bg6 12. d3 Rb8 13. Rb1 Qd7 14. Ng5 h6 15.
Ne4 f5 16. gxf5 Bxf5 17. Qh5 Ne7 18. Be3 b6 19. c4 Bg6 20. Qg4 Bf5 21. Qh5 Bg6
22. Qg4 Bf5 23. Qh5 Bg6 1/2-1/2

[Event "FIDE World Rapid 2014"]
[Site "Dubai UAE"]
[Date "2014.06.17"]
[Round "7.17"]
[White "Najer, Evgeniy"]
[Black "Cheparinov, Ivan"]
[Result "1-0"]
[WhiteTitle "GM"]
[BlackTitle "GM"]
[WhiteElo "2653"]
[BlackElo "2682"]
[WhiteFideId "4118987"]
[BlackFideId "2905540"]
[EventDate "2014.06.16"]

1. e4 c5 2. Nf3 d6 3. Bb5+ Nd7 4. O-O a6 5. Bd3 Ngf6 6. Re1 e6 7. c3 b5 8. Bc2
c4 9. d4 cxd3 10. Qxd3 Bb7 11. Qe2 Be7 12. Bg5 O-O 13. Nbd2 h6 14. Bf4 Qb6 15.
a4 bxa4 16. Rxa4 Bc6 17. Rb4 Bb5 18. c4 Qc5 19. Rb3 Ba4 20. Rc3 Bxc2 21. Rxc2 a5
22. h3 Rfc8 23. Be3 Qb4 24. Bd4 e5 25. Bc3 Qb7 26. Nb1 Nc5 27. Nfd2 Na4 28. b3
Nc5 29. Rb2 Ne6 30. Ra2 Nc5 31. Rb2 Ne8 32. Na3 Nc7 33. Nc2 N7e6 34. g3 Bg5 35.
Ne3 Nxe4 36. Nxe4 Qxe4 37. Nd5 Qxe2 38. Rexe2 Bd8 39. f4 f6 40. Ra2 Kf7 41. Ra3
Rab8 42. Rb2 Rb7 43. Bxa5 Bxa5 44. Rxa5 Nd4 45. Ra3 Rxc4 46. bxc4 Rxb2 47. Ra7+
Kg6 48. fxe5 dxe5 49. c5 Rc2 50. Ne7+ Kh7 51. Nd5 Kg6 52. Ne7+ Kg5 53. c6 e4 54.
Ra5+ f5 55. Rd5 Ne2+ 56. Kf1 Nxg3+ 57. Ke1 e3 58. Rd7 Kf4 59. c7 Re2+ 60. Kd1
Ra2 61. Nd5+ Kf3 62. Nxe3 1-0

[Event "FIDE World Rapid 2014"]
[Site "Dubai UAE"]
[Date "2014.06.17"]
[Round "7.18"]
[White "Polgar, Judit"]
[Black "Wojtaszek, Radoslaw"]
[Result "1/2-1/2"]
[WhiteTitle "GM"]
[BlackTitle "GM"]
[WhiteElo "2685"]
[BlackElo "2715"]
[WhiteFideId "700070"]
[BlackFideId "1118358"]
[EventDate "2014.06.16"]

1. e4 c5 2. Nf3 d6 3. Bb5+ Nd7 4. c3 Nf6 5. Qe2 a6 6. Ba4 b5 7. Bc2 e6 8. O-O
Bb7 9. a4 Be7 10. d4 O-O 11. Re1 Qb6 12. e5 Nd5 13. Nbd2 cxd4 14. cxd4 dxe5 15.
dxe5 Nf4 16. Qf1 Rac8 17. Be4 Nc5 18. Bxb7 Qxb7 19. axb5 axb5 20. Ne4 Nd5 21.
Nxc5 Rxc5 22. Bd2 h6 23. Ra5 Ra8 24. Rxa8+ Qxa8 25. Rc1 Qa4 26. h3 Qb3 27. Rxc5
Bxc5 28. Qc1 Bf8 29. Kh2 Qd3 30. Be3 Nxe3 31. Qxe3 Qc2 32. Qd4 Bc5 33. Qd8+ Bf8
34. Qd4 b4 35. Ne1 Qe2 36. Nd3 b3 37. Qc4 Qd1 38. Qc3 Be7 39. Qc8+ Kh7 40. Qc4
g6 41. g3 Kg7 42. Kg2 Bd8 43. h4 h5 44. Qe4 Bb6 45. Qf3 Qc2 46. Qe4 Qd2 47. Qc4
Qd1 48. Qe4 Qc2 49. Qf3 Qd2 50. Qe4 Qc2 51. Qf3 Qd2 1/2-1/2

[Event "FIDE World Rapid 2014"]
[Site "Dubai UAE"]
[Date "2014.06.17"]
[Round "7.19"]
[White "Iturrizaga Bonelli, Eduardo"]
[Black "Vallejo Pons, Francisco"]
[Result "1-0"]
[WhiteTitle "GM"]
[BlackTitle "GM"]
[WhiteElo "2653"]
[BlackElo "2698"]
[WhiteFideId "3901211"]
[BlackFideId "2205530"]
[EventDate "2014.06.16"]

1. Nf3 d5 2. c4 d4 3. b4 f6 4. d3 e5 5. a3 c5 6. bxc5 Na6 7. g3 Nxc5 8. Bg2 Ne7
9. O-O Nc6 10. Nbd2 a5 11. Nb3 Na6 12. Rb1 Be7 13. Ne1 O-O 14. Nc2 Bg4 15. h3
Bh5 16. f4 Qc7 17. g4 Bg6 18. f5 Bf7 19. Nd2 Nc5 20. Ne4 a4 21. Nxc5 Bxc5 22.
Bd2 Ra7 23. Nb4 Ne7 24. Qe1 Nc8 25. Nd5 Bxd5 26. Bxd5+ Kh8 27. Bb4 b6 28. Bxc5
bxc5 29. Qd2 Nd6 30. Qb2 Ra6 31. Kg2 Qe7 32. e4 dxe3 33. Qe2 Qc7 34. Qxe3 Rb6
35. Rxb6 Qxb6 36. Rf2 Rc8 37. g5 Ne8 38. gxf6 Qxf6 39. Be6 Rc7 40. Re2 g6 41.
Qxe5 Qxe5 42. Rxe5 Kg7 43. fxg6 hxg6 44. Bg4 Nf6 45. Bd1 Rd7 46. Bc2 Rb7 47.
Bxa4 Rb2+ 48. Kf3 Ra2 49. Bb5 Rxa3 50. Ke3 Ra1 51. Rxc5 Rh1 52. Rc7+ Kh6 53. Bc6
Rxh3+ 54. Kd4 g5 55. Be4 g4 56. Rf7 Kg5 57. Ke5 Rh6 58. Rg7+ Kh4 59. Bf5 g3 60.
d4 Nh5 61. Rg4+ Kh3 62. Rg6+ Kh2 63. Rxh6 g2 64. Rxh5+ 1-0

[Event "FIDE World Rapid 2014"]
[Site "Dubai UAE"]
[Date "2014.06.17"]
[Round "7.20"]
[White "Sokolov, Ivan"]
[Black "Bacrot, Etienne"]
[Result "0-1"]
[WhiteTitle "GM"]
[BlackTitle "GM"]
[WhiteElo "2650"]
[BlackElo "2720"]
[WhiteFideId "14400030"]
[BlackFideId "605506"]
[EventDate "2014.06.16"]

1. d4 Nf6 2. c4 g6 3. Nc3 Bg7 4. e4 d6 5. Bg5 c5 6. dxc5 Qa5 7. Qd2 Qxc5 8. Nf3
Nc6 9. Bxf6 exf6 10. Nd5 Nd8 11. b4 Qc6 12. c5 Qd7 13. Bb5 Nc6 14. Rc1 O-O 15.
Nd4 Re8 16. O-O Rxe4 17. Rfd1 f5 18. Nf3 dxc5 19. Rxc5 Qd6 20. Qc1 Qf8 21. Bd3
Nd4 22. Nxd4 Rxd4 23. Rxc8 Rxc8 24. Qxc8 Rxd5 25. Qxb7 Qd8 26. Qa6 Rd4 27. a3
Bf6 28. h3 Kg7 29. Kf1 Qd5 30. Ke2 Qxg2 31. Qxa7 Qxh3 32. Qb7 Rd6 33. Qb5 Bc3
34. Rc1 Qh5+ 0-1

[Event "FIDE World Rapid 2014"]
[Site "Dubai UAE"]
[Date "2014.06.17"]
[Round "7.21"]
[White "Laznicka, Viktor"]
[Black "Georgiev, Kiril"]
[Result "1-0"]
[WhiteTitle "GM"]
[BlackTitle "GM"]
[WhiteElo "2679"]
[BlackElo "2644"]
[WhiteFideId "316385"]
[BlackFideId "2900017"]
[EventDate "2014.06.16"]

1. d4 Nf6 2. c4 c5 3. d5 b5 4. cxb5 a6 5. bxa6 g6 6. Nc3 Bxa6 7. e4 Bxf1 8. Kxf1
d6 9. Nf3 Bg7 10. g3 O-O 11. Kg2 Nbd7 12. a4 Ra6 13. Qc2 Qa8 14. Nb5 Rc8 15. Bd2
e6 16. dxe6 fxe6 17. Rhe1 d5 18. exd5 exd5 19. Kg1 Ne4 20. Bf4 Qc6 21. Rad1 c4
22. Nfd4 Qc5 23. f3 Nef6 24. Kh1 Nf8 25. b3 cxb3 26. Qxc5 Rxc5 27. Nxb3 Rc4 28.
a5 Rb4 29. Nc7 Ra7 30. Nd4 Rc4 31. a6 Raxc7 32. Bxc7 Rxc7 33. Nb5 Rc8 34. a7
N8d7 35. Rc1 Ra8 36. Ra1 Nb6 37. Nc7 Rc8 38. a8=Q Nxa8 39. Rxa8 Rxa8 40. Nxa8
Bf8 41. Rd1 Kf7 42. Nc7 g5 43. Nxd5 Nd7 44. Kg2 Ne5 45. f4 gxf4 46. gxf4 Ng6 47.
Kf3 Bd6 48. Ke4 Bc5 49. Rc1 1-0

[Event "FIDE World Rapid 2014"]
[Site "Dubai UAE"]
[Date "2014.06.17"]
[Round "7.22"]
[White "Riazantsev, Alexander"]
[Black "Zhigalko, Sergei"]
[Result "1-0"]
[WhiteTitle "GM"]
[BlackTitle "GM"]
[WhiteElo "2692"]
[BlackElo "2678"]
[WhiteFideId "4125029"]
[BlackFideId "13502956"]
[EventDate "2014.06.16"]

1. d4 d5 2. c4 e6 3. Nf3 c6 4. b3 Bb4+ 5. Nbd2 Nf6 6. e3 Ne4 7. Bd3 f5 8. O-O
Nd7 9. Bb2 Qf6 10. Nb1 O-O 11. Ne5 Nxe5 12. dxe5 Qe7 13. f3 Nc5 14. a3 Nxd3 15.
Qxd3 Bc5 16. cxd5 exd5 17. f4 a5 18. Bd4 b6 19. Rc1 Ba6 20. Bxc5 bxc5 21. Qc3 a4
22. b4 d4 23. Qxc5 Qxc5 24. Rxc5 dxe3 25. Nc3 Rfd8 26. Re1 Rd3 27. Rxc6 Bc8 28.
h3 Bd7 29. Rc7 h6 30. Nd1 Be6 31. Rc6 Bd5 32. Rc3 Rd2 33. Nxe3 Be4 34. Rf1 Rb2
35. Rf2 Rb3 36. Rxb3 axb3 37. Rb2 Rxa3 38. b5 Kf7 39. b6 Ke6 40. Nc4 Ra1+ 41.
Kf2 Ra4 42. Nd2 Ra2 43. Nxe4 Rxb2+ 44. Ke3 Rb1 45. b7 b2 46. b8=Q Re1+ 47. Kf2
b1=Q 48. Qe8+ Kd5 49. Nc3+ 1-0

[Event "FIDE World Rapid 2014"]
[Site "Dubai UAE"]
[Date "2014.06.17"]
[Round "7.23"]
[White "Efimenko, Zahar"]
[Black "Ipatov, Alexander"]
[Result "1/2-1/2"]
[WhiteTitle "GM"]
[BlackTitle "GM"]
[WhiteElo "2648"]
[BlackElo "2613"]
[WhiteFideId "14107201"]
[BlackFideId "14116731"]
[EventDate "2014.06.16"]

1. e4 c5 2. Nf3 Nf6 3. Nc3 d5 4. exd5 Nxd5 5. Bb5+ Nc6 6. O-O e6 7. d4 a6 8.
Bxc6+ bxc6 9. Ne4 cxd4 10. Qxd4 Qb6 11. Qe5 Qc7 12. Qh5 Nf4 13. Bxf4 Qxf4 14.
Rfe1 Be7 15. g3 g6 16. Qe5 Qxe5 17. Nxe5 f5 18. Nd2 c5 19. Ndc4 O-O 20. Rad1 Ra7
21. Nc6 Rc7 22. Nxe7+ Rxe7 23. Re5 Rc7 24. f4 Kf7 25. Kf2 Ke7 26. Ke3 Rd8 27.
Rxd8 Kxd8 28. Nb6 Bd7 29. b3 Rc6 30. Nc4 Ke7 31. Kd2 Kf6 32. Re3 Rc8 33. Ne5 Bc6
34. Rc3 Bb5 35. a4 Be8 36. Nd3 c4 37. Rxc4 Rxc4 38. bxc4 a5 39. Nc5 e5 40. Ke3
g5 41. c3 h5 42. Nb7 Bxa4 43. Nxa5 exf4+ 44. gxf4 g4 45. Kf2 h4 46. Nb7 Bc6 47.
Nc5 Ke7 48. Nd3 Kd6 49. Ne5 Kc5 50. Ng6 Kxc4 51. Nxh4 Be4 52. Ke3 Kxc3 53. Ng6
Kc4 54. Ne5+ 1/2-1/2

[Event "FIDE World Rapid 2014"]
[Site "Dubai UAE"]
[Date "2014.06.17"]
[Round "7.25"]
[White "Vitiugov, Nikita"]
[Black "Fier, Alexandr"]
[Result "1-0"]
[WhiteTitle "GM"]
[BlackTitle "GM"]
[WhiteElo "2742"]
[BlackElo "2580"]
[WhiteFideId "4152956"]
[BlackFideId "2107139"]
[EventDate "2014.06.16"]

1. d4 g6 2. c4 Bg7 3. e4 d6 4. Nc3 Nf6 5. f3 O-O 6. Nge2 Nc6 7. Bg5 a6 8. Qd2
Rb8 9. Rc1 Re8 10. Nd5 e6 11. Nxf6+ Bxf6 12. h4 e5 13. d5 Nd4 14. Nxd4 exd4 15.
Qf4 Kg7 16. c5 Bd7 17. Bd3 Be5 18. Qd2 Bf6 19. Kf2 h5 20. Qf4 Bxg5 21. Qxg5 Qxg5
22. hxg5 dxc5 23. Rxc5 c6 24. Rhc1 cxd5 25. exd5 Re3 26. Be4 Bb5 27. Rxb5 axb5
28. Rd1 f5 29. gxf6+ Kxf6 30. Rxd4 Rxe4 31. fxe4 Ke5 32. Ke3 Kd6 33. Rd2 Rc8 34.
Rf2 Ke5 35. Rf7 Rc2 36. Re7+ Kf6 37. d6 1-0

[Event "FIDE World Rapid 2014"]
[Site "Dubai UAE"]
[Date "2014.06.17"]
[Round "7.26"]
[White "Amin, Bassem"]
[Black "Moiseenko, Alexander"]
[Result "1-0"]
[WhiteTitle "GM"]
[BlackTitle "GM"]
[WhiteElo "2635"]
[BlackElo "2707"]
[WhiteFideId "10601457"]
[BlackFideId "14102560"]
[EventDate "2014.06.16"]

1. e4 c5 2. Nf3 Nc6 3. d3 g6 4. g3 Bg7 5. Bg2 e5 6. O-O Nge7 7. c3 O-O 8. a3 a5
9. a4 d5 10. Na3 h6 11. exd5 Nxd5 12. Qb3 Nde7 13. Be3 Be6 14. Nc4 Qxd3 15. Nfd2
Bd5 16. Bxd5 Qxd5 17. Nb6 Qxb3 18. Nxb3 Rad8 19. Rfd1 Rxd1+ 20. Rxd1 Rd8 21.
Rxd8+ Nxd8 22. Nxa5 Nec6 23. Nxc6 Nxc6 24. Bxc5 Bf8 25. Nd7 Be7 26. Bxe7 Nxe7
27. Nxe5 Kf8 28. Kf1 Nd5 29. Ke2 Ke7 30. Kd3 Ke6 31. Nf3 f5 32. a5 Nf6 33. Nd4+
Kd5 34. f3 Nd7 35. c4+ Kd6 36. b4 Ne5+ 37. Kc3 Kc7 38. c5 h5 39. h4 Nf7 40. f4 1-0

[Event "FIDE World Rapid 2014"]
[Site "Dubai UAE"]
[Date "2014.06.17"]
[Round "7.27"]
[White "Kasimdzhanov, Rustam"]
[Black "Dubov, Daniil"]
[Result "1/2-1/2"]
[WhiteTitle "GM"]
[BlackTitle "GM"]
[WhiteElo "2700"]
[BlackElo "2614"]
[WhiteFideId "14200244"]
[BlackFideId "24126055"]
[EventDate "2014.06.16"]

1. d4 Nf6 2. c4 e6 3. Nf3 b6 4. g3 Bb7 5. Bg2 g6 6. Nc3 Ne4 7. Qd3 Nxc3 8. bxc3
Bg7 9. O-O O-O 10. e4 Nc6 11. h4 Na5 12. Bg5 f6 13. Bf4 Ba6 14. Nd2 Nxc4 15.
Nxc4 d5 16. exd5 exd5 17. Bxc7 Qxc7 18. Bxd5+ Kh8 19. Bxa8 Rxa8 20. Qe4 Rf8 21.
Ne3 Bxf1 22. Nd5 Qc6 23. Rxf1 Rd8 24. Re1 f5 25. Qe6 Qxe6 26. Rxe6 Bxd4 27. cxd4
Rxd5 28. Re8+ Kg7 29. Re7+ Kh6 30. Rxa7 Rxd4 31. Kg2 Rd3 32. a4 Ra3 33. Ra6 Kg7
34. Rxb6 Rxa4 35. Rb7+ Kg8 36. Rb8+ Kg7 37. Rb7+ Kg8 38. Rb8+ Kg7 1/2-1/2

[Event "FIDE World Rapid 2014"]
[Site "Dubai UAE"]
[Date "2014.06.17"]
[Round "7.28"]
[White "Hansen, Eric"]
[Black "Meier, Georg"]
[Result "0-1"]
[WhiteTitle "GM"]
[BlackTitle "GM"]
[WhiteElo "2584"]
[BlackElo "2632"]
[WhiteFideId "2606771"]
[BlackFideId "4675789"]
[EventDate "2014.06.16"]

1. e4 e6 2. d4 d5 3. Nc3 dxe4 4. Nxe4 Nd7 5. Nf3 Ngf6 6. Bg5 h6 7. Nxf6+ Nxf6 8.
Be3 Bd6 9. Bd3 O-O 10. Qe2 b6 11. O-O-O Bb7 12. Ne5 Nd5 13. Bd2 Qh4 14. Nf3 Qf6
15. Qe4 Qf5 16. Qe1 Qf6 17. Qe4 Qf5 18. Qe1 Qf6 19. Be4 c5 20. dxc5 bxc5 21. c4
Rfe8 0-1

[Event "FIDE World Rapid 2014"]
[Site "Dubai UAE"]
[Date "2014.06.17"]
[Round "7.29"]
[White "Onischuk, Vladimir"]
[Black "Durarbayli, Vasif"]
[Result "1-0"]
[WhiteTitle "GM"]
[BlackTitle "GM"]
[WhiteElo "2594"]
[BlackElo "2590"]
[WhiteFideId "14114038"]
[BlackFideId "13402935"]
[EventDate "2014.06.16"]

1. e4 e5 2. Nf3 Nc6 3. Bb5 a6 4. Ba4 Nge7 5. O-O g6 6. Re1 Bg7 7. c3 O-O 8. d3
b5 9. Bb3 h6 10. Nbd2 d5 11. exd5 Nxd5 12. Ne4 Kh7 13. h3 f5 14. Ng3 Qd6 15. Bd2
Bb7 16. Bc2 Rad8 17. Qe2 Rfe8 18. Qf1 Nb8 19. h4 Bc8 20. Rad1 Nc6 21. Bc1 Re7
22. Ne4 Qd7 23. Bb3 Qe8 24. Nc5 1-0

[Event "FIDE World Rapid 2014"]
[Site "Dubai UAE"]
[Date "2014.06.17"]
[Round "7.30"]
[White "Aleksandrov, Aleksej"]
[Black "Yu, Yangyi"]
[Result "0-1"]
[WhiteTitle "GM"]
[BlackTitle "GM"]
[WhiteElo "2554"]
[BlackElo "2675"]
[WhiteFideId "13500139"]
[BlackFideId "8603820"]
[EventDate "2014.06.16"]

1. d4 Nf6 2. c4 e6 3. Nc3 Bb4 4. e3 d5 5. a3 Bxc3+ 6. bxc3 c6 7. Bd3 e5 8. dxe5
dxc4 9. Bxc4 Qxd1+ 10. Kxd1 Ng4 11. Ke1 Nxe5 12. Be2 Bf5 13. f3 Nd3+ 14. Bxd3
Bxd3 15. e4 Nd7 16. Be3 f5 17. exf5 Bxf5 18. Ne2 O-O-O 19. Ng3 Bg6 20. Kf2 Ne5
21. Rhd1 Nc4 22. Rxd8+ Rxd8 23. Bd4 Rd7 24. h4 b6 25. h5 Bc2 26. Ne2 Re7 27. h6
gxh6 0-1

[Event "FIDE World Rapid 2014"]
[Site "Dubai UAE"]
[Date "2014.06.17"]
[Round "7.31"]
[White "Sargissian, Gabriel"]
[Black "Al-Modiahki, Mohamad"]
[Result "1-0"]
[WhiteTitle "GM"]
[BlackTitle "GM"]
[WhiteElo "2686"]
[BlackElo "2549"]
[WhiteFideId "13300881"]
[BlackFideId "12100030"]
[EventDate "2014.06.16"]

1. d4 Nf6 2. Nf3 g6 3. c4 Bg7 4. g3 O-O 5. Bg2 d6 6. Nc3 Nc6 7. O-O a6 8. Bf4
Bg4 9. Rc1 Nd7 10. b3 e5 11. dxe5 dxe5 12. Be3 h6 13. Qd2 Kh7 14. Rfd1 Qc8 15.
h3 Bxf3 1-0

[Event "FIDE World Rapid 2014"]
[Site "Dubai UAE"]
[Date "2014.06.17"]
[Round "7.32"]
[White "Anton Guijarro, David"]
[Black "Milov, Vadim"]
[Result "1/2-1/2"]
[WhiteTitle "GM"]
[BlackTitle "GM"]
[WhiteElo "2631"]
[BlackElo "2622"]
[WhiteFideId "2285525"]
[BlackFideId "1304364"]
[EventDate "2014.06.16"]

1. e4 c5 2. Nf3 e6 3. d3 Nc6 4. g3 g6 5. Bg2 Bg7 6. O-O d6 7. c3 e5 8. a3 Nge7
9. b4 b6 10. Nbd2 O-O 11. Nc4 b5 12. Ne3 cxb4 13. axb4 h6 14. Nd2 Be6 15. Nd5 a5
16. bxa5 Rxa5 17. Bb2 f5 18. Qb3 Nxd5 19. exd5 Bf7 20. Rxa5 Nxa5 21. Qxb5 Qc7
22. Qb4 Rb8 23. Qa3 Nb7 24. d4 e4 25. c4 1/2-1/2

[Event "FIDE World Rapid 2014"]
[Site "Dubai UAE"]
[Date "2014.06.17"]
[Round "7.33"]
[White "Bartel, Mateusz"]
[Black "Maletin, Pavel"]
[Result "1-0"]
[WhiteTitle "GM"]
[BlackTitle "GM"]
[WhiteElo "2641"]
[BlackElo "2588"]
[WhiteFideId "1112635"]
[BlackFideId "4146786"]
[EventDate "2014.06.16"]

1. e4 c5 2. Nf3 e6 3. d4 cxd4 4. Nxd4 Nc6 5. Nc3 Qc7 6. g3 a6 7. Bg2 Nf6 8. O-O
h5 9. Nxc6 dxc6 10. e5 Qxe5 11. Bf4 Qa5 12. Re1 Be7 13. Re5 Qd8 14. Qf3 O-O 15.
Rd1 Bd7 16. Ne4 Nxe4 17. Rxe4 c5 18. Qxh5 Qe8 19. Bd6 f5 20. Qxe8 Raxe8 21. Bxe7
Rxe7 22. Re5 b6 23. Rd6 Rb8 24. Bd5 Kf7 25. Rxf5+ Ke8 26. Rh5 Kd8 1-0

[Event "FIDE World Rapid 2014"]
[Site "Dubai UAE"]
[Date "2014.06.17"]
[Round "7.34"]
[White "Matlakov, Maxim"]
[Black "Vakhidov, Jahongir"]
[Result "1/2-1/2"]
[WhiteTitle "GM"]
[BlackTitle "IM"]
[WhiteElo "2689"]
[BlackElo "2471"]
[WhiteFideId "4168003"]
[BlackFideId "14201801"]
[EventDate "2014.06.16"]

1. Nf3 g6 2. d4 Bg7 3. c4 d6 4. g3 Nf6 5. Bg2 O-O 6. O-O Nc6 7. Nc3 Bg4 8. h3
Bxf3 9. Bxf3 Nd7 10. e3 e5 11. d5 Ne7 12. e4 f5 13. Bg2 Nf6 14. c5 Qd7 15. Qb3
Rab8 16. cxd6 cxd6 17. exf5 gxf5 18. a4 Ng6 19. Bg5 h5 20. Qb5 Qf7 21. Qb4 1/2-1/2

[Event "FIDE World Rapid 2014"]
[Site "Dubai UAE"]
[Date "2014.06.17"]
[Round "7.35"]
[White "Ganguly, Surya Shekhar"]
[Black "Debashis, Das"]
[Result "1/2-1/2"]
[WhiteTitle "GM"]
[BlackTitle "GM"]
[WhiteElo "2619"]
[BlackElo "2484"]
[WhiteFideId "5002150"]
[BlackFideId "5024854"]
[EventDate "2014.06.16"]

1. d4 Nf6 2. c4 e6 3. g3 d5 4. Nf3 Be7 5. Bg2 O-O 6. O-O dxc4 7. Qc2 a6 8. Qxc4
b5 9. Qc2 Bb7 10. Bd2 Bd6 11. a3 Nbd7 12. Ba5 Qc8 13. b4 e5 14. dxe5 Nxe5 15.
Nbd2 Nc6 16. Nb3 Nxa5 17. Nxa5 Be4 18. Qa2 c5 19. Rfd1 Be7 20. Ne5 Bxg2 21. Kxg2
c4 22. Nec6 Qe6 1/2-1/2